banner koha

Leitura dinâmica e memorização / (Registro n. 9612)

MARC details
000 -LÍDER
Campo de controle fixo 00693nam a2200265 4500
001 - NÚMERO DE CONTROLE
Número de controle BS2023000143
003 - CÓDIGO MARC DA AGÊNCIA CATALOGADORA
Campo de controle BR-BrBNA
005 - DATA E HORA DA ÚLTIMA ATUALIZAÇÃO
Campo de controle 20230815161800.0
008 - CAMPO DE TAMANHO FIXO
Campo fixo de controle 230712b1993 bl.||||| |||| 00| 0 por d
020 ## - ISBN - INTERNATIONAL STANDARD BOOK NUMBER
ISBN 85-346-0069-4
040 ## - FONTE DA CATALOGAÇÃO
Agência catalogadora BR-BrBNA
Idioma da catalogação por.
041 ## - CÓDIGO DO IDIOMA
Código do Idioma por.
072 ## - CATEGORIA DE CLASSIFICAÇÃO
Código da categoria de assunto C11
100 ## - ENTRADA PRINCIPAL - NOME PESSOAL
Código de relação aut.
Nome pessoal Teixeira, Elson Adalberto
100 ## - ENTRADA PRINCIPAL - NOME PESSOAL
Código de relação aut.
Nome pessoal Machado, Andréa Monteiro de Barros
245 ## - TÍTULO PRINCIPAL
Título principal Leitura dinâmica e memorização /
260 ## - IMPRENTA (PUBLICAÇÃO, DISTRIBUIÇÃO, ETC.)
Lugar de publicação, distribuição, etc. São Paulo - SP :
Nome do editor, distribuidor, etc. Makron Books,
Data de publicação, distribuição, etc 1993
300 ## - DESCRIÇÃO FÍSICA
Detalhes físicos adicionais 137 p.
650 ## - ASSUNTO
Cabeçalho tópico ou nome geográfico MEMÓRIA
650 ## - ASSUNTO
Cabeçalho tópico ou nome geográfico TREINAMENTO
650 ## - ASSUNTO
Cabeçalho tópico ou nome geográfico LEITURA RÁPIDA
909 ## - IDENTIFICAÇÃO DO CATALOGADOR
Ano e mês da catalogação (aaaamm) 202307
Identificação do catalogador Maria Neves
942 ## - TIPO ESPECÍFICO
Tipo de material Livros
Exemplares
Status de empréstimo Fonte de classificação Status de danificação Não pode ser emprestado Código da coleção Localização permanente Localização atual Total Checkouts Número de chamada Código de barras Date last seen Tipo de material Perdido Data de aquisição Fonte de aquisição Qualificador de localização codificada Preço Número de inventário Preço para reposição Preço efetivo a partir de
  Classificação AGRIS     Agrobase Biblioteca Nacional de Agricultura - Binagri Biblioteca Nacional de Agricultura - Binagri   C11 BS2023000143 2023-435910 12/07/2023 Livros                

BINAGRI

Telefone: (61)3218-2567/2388/3357/2097 - binagri@agro.gov.br

Ministério da Agricultura e Pecuária , Esplanada dos Ministérios, Bloco D, Anexo B, Brasília/DF, CEP: 70.043-900